000 00269nam a22001217a 4500
008 171219b xxu||||| |||| 00| 0 eng d
041 _aeng
080 _a32
100 _a19
101 _aPOL
245 _aTHE ORIGINS OF AMERICAN POLITICS
_cBAILYN.B
942 _2udc
_cBK
999 _c39132
_d39132